000 00745nam a2200229Ia 4500
003 GCL
008 140319s9999 xx 000 0 ara d
040 _aGCL /
_cGCL
082 0 4 _a610.73678
_bو ت
100 1 _aوفاء فضة
245 1 0 _aالتمريض النفسى /
_cوفاء فضة
700 1 _aيوسف قزاقزة
250 _aالاولى
260 _aالاردن :
_bدار اليازورى العلمية للنشر والتوزيع ،
_c2002
300 _a193 ص ؛
_c24 سم
650 0 4 _aالعلاج النفسى
650 0 4 _aالطب النفسى
650 0 4 _aالتمريض - الجوانب النفسية
650 0 4 _aالتمريض النفسى
650 0 4 _aالعقل، اضطراب
942 _2ddc
_cBK
999 _c7390
_d7390